Medición posterior de las activos biológicos en la RT 54, "Normas contables profesionales: Norma unificada argentina de contabilidad" (Registro nro. 10720)

Detalles MARC
000 -LEADER
fixed length control field 00428 a2200109 4500
001 - CONTROL NUMBER
control field ART_63474
005 - DATE AND TIME OF LATEST TRANSACTION
control field 20260410161612.0
008 - FIXED-LENGTH DATA ELEMENTS--GENERAL INFORMATION
fixed length control field 260409a
100 1# - MAIN ENTRY--PERSONAL NAME
Personal name Suardi, Diana
245 10 - TITLE STATEMENT
Title Medición posterior de las activos biológicos en la RT 54, "Normas contables profesionales: Norma unificada argentina de contabilidad"
773 0# - HOST ITEM ENTRY
Title Profesional & Empresaria
Related parts - Año XXVI, Nº 305 (sep./oct. 2025)
Record control number REV70

No hay ítems disponibles.